000 00533nam a22001577a 4500
999 _c10488
_d10488
003 GBCCL
005 20241126110733.0
008 240814b ||||| |||| 00| 0 eng d
040 _cgbc
082 _aARC GBC-2023
_bGUI
100 _aGuite, Thangchinlian
_99558
245 _aAn exegetical study on christian freedom based on 1 corinthians 10:23-24: its implication for practical Christian living among the EBC Churches in Lamka
260 _aNew Lamka :
_bGrace Bible college,
_c2023
300 _a56p. ;
_c28cm
942 _2ddc
_cTH